000 00437nam a2200133Ia 4500
008 210210b1983 xxu||||| |||| 00| 0 eng d
082 _a954.1 ROYT
100 _aROYCHOUDHURY (Nalini Ranjan).
245 _aTripura through the ages: a short history of tripura from the earliest times to 1947 A.D. Rev Ed.
260 _aNew Delhi.
_bSterling Publishers Pvt Ltd.,
_c1983
300 _axiv,127
690 _aIndian History
906 _a035999
999 _c86764
_d86764